01073nam a22002177a 4500001000400000003000600004005001700010008004100027040002900068050001400097082001200111100002300123245006100146260003400207300002500241490006000266505000600326520048700332521001800819521001800837223FISKH20240530160535.0230307b cb ||||| |||| 00| 0 eng d aFISKHbengcFISKHdFISKH aBL820.O3  a292.13  aOsborne, Mary Pope aTales from the Odyssey : bPart two /cMary Pope Osborne aNew York :bScholastic,c2011 a286 pages : c18 cm. 3books 4,5,6aTales from the Odyssey Part TwovVolume 2 aM aAfter twenty years of fighting monsters, angering gods and goddesses, and surviving against the odds, Odysseus is more desperate than ever to return to his family. But first he will have to explore yet another strange land. And when he finally does return home, he will have yet more dangerous enemies to face. This is the exciting conclusion to the series by best-selling author Mary Pope Osborne, retelling Homer's Odyssey, one of the most thrilling adventure stories of all time.8 a790 bLexile8 aM bRaz-Plus